000 00915cab a2200289 4500
001 WB3125-41
008 090401t1995 xxu||||| |||| 00| 0 eng d
035 _a(Sirsi) u15379
041 _aeng
245 _aCreating communities in the city
260 _c1995
350 _a0
490 _aTimes
_v28 June 1995, 23(1)
520 _aThe CPRE and URBED want more urban land to be used for housebuilding rather than greenfield sites. However, developers of new residential areas in city locations need to be aware of the need to create a community.
650 _aCHATHAM MARITIME
650 _aCONTAMINATED LAND
650 _aEMPTY PROPERTY
650 _aHOUSE BUILDING
650 _aLAND RECLAMATION
650 _aST MARYS ISLAND
650 _aURBAN AND ECONOMIC DEVELOPMENT GROUP
650 _aURBAN LAND
690 _aHOUSING
690 _aURBAN RENEWAL
942 _n0
948 _c04/03/1997
999 _c10080
_d10080